000 00599nam a2200217Ia 4500
003 OSt
005 20230418163024.0
008 210423s2015 xx 000 0 und d
020 _a978-93-5254-670-1
040 _cAL
041 _aeng
082 _a362
_223
_bMARV
100 _aMARY (Jenis p);FERNANDES (Sophia N);CHRISTOPHER (A J)
_990212
245 _aVoices of the vulnerable
260 _aMangaluru
_bSchool of Social Work
_c2015
300 _a220
_bPB
365 _b386
_cINR
650 _aSocial Welfare Problems & Services
_990213
906 _aVoices ; vulnerable
942 _2ddc
_cBK
999 _c170089
_d170089